• Sart M.

di Personal Name

Records bibliografici associati: 1

001 - CONTROL NUMBER

  • control field: 24587

003 - CONTROL NUMBER IDENTIFIER

  • control field: IT-RoPau

005 - DATE AND TIME OF LATEST TRANSACTION

  • control field: 20140511205108.0

008 - FIXED-LENGTH DATA ELEMENTS

  • fixed length control field: 140511|| aca||aabn | a|a d

040 ## - CATALOGING SOURCE

  • Original cataloging agency: IT-RoPau
  • Transcribing agency: IT-RoPau

100 ## - HEADING--PERSONAL NAME

  • Personal name: Sart M.
  • Dates associated with a name: Codice autore musica SPICS: 25397
  • Relator term: Autore musica
  • Name of part/section of a work: W Warszawie Jest Wszystko - Ulice Nibi Piosenki - Pan Watrobka, Pan Piecyk, Pan Wiech - Najszybsze Domy Swiata - Warszawa Jaka By Mogla Byc - Gdyby Nie Ty Warszawo - Dzien Dobry Nike

670 ## - SOURCE DATA FOUND

  • Source citation: Work cat.: (IT-RoPau)99828: AA.VV. 794, Gdyby Nie Tywarszawo! (Lp Sx T 74)
CREDITS: SOCIETA' SAN PAOLO Via A.Severo, 58 - ROMA (RM) & PERIODICI SAN PAOLO SRL Via Giotto, 36 MILANO & CISF Via Giotto, 36 MILANO & EDIZIONI SAN PAOLO SRL,  Piazza Soncino, 5 CINISELLO BALSAMO (MI) -- ITALY